Moderní metody řízení nákladů jak dosáhnout efektivního vynakládání nákladů a jejich snížení

Na minha lista:
Detalhes bibliográficos
Autor principal: Popesko, Boris
Formato: Livro
Idioma:tcheco
Publicado em: Praha GRADA Publishing 2009
Colecção:Prosperita firmy
Assuntos:
Tags: Adicionar Tag
Sem tags, seja o primeiro a adicionar uma tag!

MARC

LEADER 00000nam$a2200000$$$4500
001 0104094
005 20240313090129.5
020 |a 978-80-247-2974-9 
041 0 |a cze 
044 |a CZ 
245 1 0 |a Moderní metody řízení nákladů  |b jak dosáhnout efektivního vynakládání nákladů a jejich snížení  |c Boris Popesko 
264 1 |a Praha  |b GRADA Publishing  |c 2009 
300 |a 233 s. 
490 1 |a Prosperita firmy 
830 0 |a Prosperita firmy 
610 2 0 |a podnik 
610 2 0 |a náklady 
610 2 0 |a riadenie 
610 2 0 |a technika riadenia 
610 2 0 |a nástroje riadenia 
610 2 0 |a riadenie strategické 
610 2 0 |a optimalizácia 
610 2 0 |a kalkulácia nákladov 
610 2 0 |a rozpočtovanie 
100 1 |a Popesko, Boris